| 000 | 05005nam a22003977a 4500 | ||
|---|---|---|---|
| 005 | 20120529161624.0 | ||
| 010 | _aB-485154-168 | ||
| 020 |
_a9780143100669 _c250.00 |
||
| 035 | _aB-485154-168 | ||
| 037 | _bके.के.पब्लिकेशंस | ||
| 082 | _aउ | ||
| 100 |
_aमिस्त्री, रोहिंटन _953454 |
||
| 245 |
_aइत्ता लंबा सफ़र / _cरोहिंटन मिस्त्री; मोनिका जोशी द्वारा अनुदित |
||
| 260 |
_aनई दिल्ली _bपेंगुइन बुक्स _c2011 |
||
| 270 |
_a11, कम्युनिटी सैंटर, पंचशील पार्क, _bनई दिल्ली _e110017 |
||
| 300 |
_a352पृ. _c19 सेमी (अजिल्द) |
||
| 700 |
_aजोशी, मोनिका _948163 |
||
| 942 |
_2ddc _cHN _hउ _mमिस्त्रीरो |
||
| 999 |
_c67327 _d67327 |
||